000 00222nam a2200097Ia 4500
008 120527s9999 xx 000 0 und d
100 _aDONELLAN,Craig.
245 _aThe gender issue.
260 _bIndependence
942 _cBK
999 _c23708
_d23708